<?xml version="1.0" encoding="UTF-8"?>
<record
    xmlns:xsi="http://www.w3.org/2001/XMLSchema-instance"
    xsi:schemaLocation="http://www.loc.gov/MARC21/slim http://www.loc.gov/standards/marcxml/schema/MARC21slim.xsd"
    xmlns="http://www.loc.gov/MARC21/slim">

  <leader>02523nam a2200385 i 4500</leader>
  <controlfield tag="003">DO-SdBNP</controlfield>
  <controlfield tag="005">20250621074009.0</controlfield>
  <controlfield tag="006">a||||gr|||| 00| 0 </controlfield>
  <controlfield tag="007">ta</controlfield>
  <controlfield tag="008">210715e2019    dr ac||gr|||| 001 0 spa d</controlfield>
  <datafield tag="020" ind1=" " ind2=" ">
    <subfield code="a">9789945084887</subfield>
  </datafield>
  <datafield tag="040" ind1=" " ind2=" ">
    <subfield code="a">DO-SdBNP</subfield>
    <subfield code="b">spa</subfield>
    <subfield code="c">BNPHU</subfield>
    <subfield code="e">rda</subfield>
  </datafield>
  <datafield tag="082" ind1=" " ind2="4">
    <subfield code="b">M491R 2019</subfield>
    <subfield code="2">22</subfield>
  </datafield>
  <datafield tag="100" ind1="1" ind2=" ">
    <subfield code="a">Ram&#xED;rez Morillo, Belarminio,</subfield>
    <subfield code="d">1964-</subfield>
    <subfield code="9">2520</subfield>
    <subfield code="e">autor</subfield>
  </datafield>
  <datafield tag="245" ind1="1" ind2="0">
    <subfield code="a">Danilo Medina S&#xE1;nchez:</subfield>
    <subfield code="b">el gerente y l&#xED;der en la escena /</subfield>
    <subfield code="c">Belarminio Ram&#xED;rez Morillo; diagramaci&#xF3;n y dise&#xF1;o de portada, Juan Francisco Dom&#xED;nguez Nova.</subfield>
  </datafield>
  <datafield tag="250" ind1=" " ind2=" ">
    <subfield code="a">4ta. edici&#xF3;n</subfield>
  </datafield>
  <datafield tag="264" ind1=" " ind2=" ">
    <subfield code="a">Santo Domingo :</subfield>
    <subfield code="b">FESJE,</subfield>
    <subfield code="c">2019</subfield>
  </datafield>
  <datafield tag="300" ind1=" " ind2=" ">
    <subfield code="a">492 p&#xE1;ginas :</subfield>
    <subfield code="b">ilustraciones, fotograf&#xED;as, retratos ;</subfield>
    <subfield code="c">23 cm.</subfield>
  </datafield>
  <datafield tag="336" ind1=" " ind2=" ">
    <subfield code="2">rdacontent</subfield>
    <subfield code="a">texto</subfield>
    <subfield code="b">txt</subfield>
  </datafield>
  <datafield tag="337" ind1=" " ind2=" ">
    <subfield code="2">rdamedia</subfield>
    <subfield code="a">sinmediaci&#xF3;n</subfield>
    <subfield code="b">n</subfield>
  </datafield>
  <datafield tag="338" ind1=" " ind2=" ">
    <subfield code="2">rdacarrier</subfield>
    <subfield code="a">volumen</subfield>
    <subfield code="b">nc</subfield>
  </datafield>
  <datafield tag="500" ind1=" " ind2=" ">
    <subfield code="a">Incluye &#xED;ndice onom&#xE1;stico, p&#xE1;ginas 487- 492</subfield>
  </datafield>
  <datafield tag="500" ind1=" " ind2=" ">
    <subfield code="a">Incluye biograf&#xED;a del autor en  la solapa de la cubierta.</subfield>
  </datafield>
  <datafield tag="504" ind1=" " ind2=" ">
    <subfield code="a">Bibliograf&#xED;a, p&#xE1;ginas 477- 486.</subfield>
  </datafield>
  <datafield tag="505" ind1="0" ind2="0">
    <subfield code="t">Dedicatoria.--</subfield>
    <subfield code="t">Agradecimientos.--</subfield>
    <subfield code="t">Introducci&#xF3;n.--</subfield>
    <subfield code="t">Cap&#xED;tulo I.</subfield>
    <subfield code="t">Danilo Medina en la balanza de las teor&#xED;as de la ciencia del liderazgo.--</subfield>
    <subfield code="t">Cap&#xED;tulo II</subfield>
    <subfield code="t">Los valores como anclas de la confianza y la credibilidad.--</subfield>
    <subfield code="t">Cap&#xED;tulo III.</subfield>
    <subfield code="t">El comienzo.--</subfield>
    <subfield code="t">Cap&#xED;tulo IV.</subfield>
    <subfield code="t">Los momentos claves en la im&#xE1;gen el estadista.--</subfield>
    <subfield code="t">Cap&#xED;tulo V.</subfield>
    <subfield code="t">Gerencia y liderazgo: la combinaci&#xF3;n de la excelencia.--</subfield>
    <subfield code="t">Cap&#xED;tulo VI.</subfield>
    <subfield code="t">Danilo como persona &#xED;ntegra.--</subfield>
    <subfield code="t">Cap&#xED;tulo VII.</subfield>
    <subfield code="t">La comunicaci&#xF3;n del presidente y el gobierno humilde.--</subfield>
  </datafield>
  <datafield tag="505" ind1="0" ind2="0">
    <subfield code="t">Cap&#xED;tulo VIII.</subfield>
    <subfield code="t">El l&#xED;der afectivo, consciente, servidor y conciliador.--</subfield>
    <subfield code="t">Cap&#xED;tulo IX.</subfield>
    <subfield code="t">El l&#xED;der optimista y visionario.--</subfield>
    <subfield code="t">Cap&#xED;tulo X.</subfield>
    <subfield code="t">Haciendo lo que nunca se hizo.--</subfield>
    <subfield code="t">Cap&#xED;tulo XII.</subfield>
    <subfield code="t">Danilo como paradigma: cambiando el perfil del candidato y presidente ideal.--</subfield>
    <subfield code="t">Cap&#xED;tulo XIII.</subfield>
    <subfield code="t">El l&#xED;der proactivo estimulando el desarrollo econ&#xF3;mico de la naci&#xF3;n.</subfield>
    <subfield code="t">Cap&#xED;tulo XIV.</subfield>
    <subfield code="t">El l&#xED;der con la mirada puesta en la sucesi&#xF3;n: la contienda electoral del 2016.--</subfield>
  </datafield>
  <datafield tag="590" ind1=" " ind2=" ">
    <subfield code="a">Inventariado 2024 / MF</subfield>
  </datafield>
  <datafield tag="600" ind1=" " ind2="4">
    <subfield code="a">Medina, Danilo</subfield>
    <subfield code="9">9559</subfield>
    <subfield code="d">1951-</subfield>
    <subfield code="x">Cr&#xED;tica e Interpretaci&#xF3;n</subfield>
  </datafield>
  <datafield tag="650" ind1=" " ind2=" ">
    <subfield code="a">Danilo Medina</subfield>
    <subfield code="x">Vida Pol&#xED;tica </subfield>
    <subfield code="x">Liderazgo</subfield>
    <subfield code="y">2012 - 2020</subfield>
    <subfield code="9">85652</subfield>
  </datafield>
  <datafield tag="651" ind1=" " ind2="0">
    <subfield code="a">Rep&#xFA;blica Dominicana</subfield>
    <subfield code="x">Pol&#xED;tica y gobierno</subfield>
    <subfield code="9">45</subfield>
  </datafield>
  <datafield tag="700" ind1="1" ind2=" ">
    <subfield code="a">Dom&#xED;nguez Nova, Juan Francisco,</subfield>
    <subfield code="9">83553</subfield>
    <subfield code="e">diagramaci&#xF3;n y dise&#xF1;o de portada</subfield>
  </datafield>
  <datafield tag="710" ind1=" " ind2="2">
    <subfield code="9">2523</subfield>
    <subfield code="a">Fundaci&#xF3;n de Estudios Sociopol&#xED;ticos, Jur&#xED;dicos y Econ&#xF3;micos (Rep&#xFA;blica Dominicana)</subfield>
  </datafield>
  <datafield tag="910" ind1=" " ind2=" ">
    <subfield code="a">MFeliz</subfield>
  </datafield>
  <datafield tag="942" ind1=" " ind2=" ">
    <subfield code="2">ddc</subfield>
    <subfield code="c">LBS1</subfield>
  </datafield>
  <datafield tag="952" ind1=" " ind2=" ">
    <subfield code="0">0</subfield>
    <subfield code="1">0</subfield>
    <subfield code="2">ddc</subfield>
    <subfield code="5">1</subfield>
    <subfield code="7">0</subfield>
    <subfield code="8">PD</subfield>
    <subfield code="a">BNPHU</subfield>
    <subfield code="b">BNPHU</subfield>
    <subfield code="c">CT</subfield>
    <subfield code="d">2018-09-18</subfield>
    <subfield code="e">Dep&#xF3;sito Legal / Editora Centenario</subfield>
    <subfield code="l">0</subfield>
    <subfield code="o">M491R 2019</subfield>
    <subfield code="p">2021-25167</subfield>
    <subfield code="r">2021-07-15</subfield>
    <subfield code="w">2021-07-15</subfield>
    <subfield code="y">LBS1</subfield>
  </datafield>
  <datafield tag="952" ind1=" " ind2=" ">
    <subfield code="0">0</subfield>
    <subfield code="1">0</subfield>
    <subfield code="2">ddc</subfield>
    <subfield code="5">1</subfield>
    <subfield code="7">0</subfield>
    <subfield code="8">PD</subfield>
    <subfield code="a">BNPHU</subfield>
    <subfield code="b">BNPHU</subfield>
    <subfield code="c">HD</subfield>
    <subfield code="d">2018-09-18</subfield>
    <subfield code="e">Dep&#xF3;sito Legal / Editora Centenario</subfield>
    <subfield code="l">0</subfield>
    <subfield code="o">M491R 2019</subfield>
    <subfield code="p">2021-25168</subfield>
    <subfield code="r">2021-07-15</subfield>
    <subfield code="t">e.2</subfield>
    <subfield code="w">2021-07-15</subfield>
    <subfield code="y">LBS1</subfield>
  </datafield>
  <datafield tag="999" ind1=" " ind2=" ">
    <subfield code="c">50119</subfield>
    <subfield code="d">50119</subfield>
  </datafield>
</record>
